000 00329nam a2200133Ia 4500
005 20260328104322.0
008 260328s9999||||xx |||||||||||||| ||und||
100 _aIrigoyen, Adriana
245 0 _aNueva Arquitectura Argentina /
_cAdriana Irigoyen
260 _bEscala
300 _a221 p.
650 _aARGENTINA
942 _cBK
999 _c11399
_d11399